Obálka Náhled e-knihy:
PDF
Pro půjčování e-knih musíte být přihlášeni.
Jak si půjčit online?

Diktáty a testy pro 6. třídu /

Uloženo v:
Hlavní autor: Gazdíková, Vlasta (Autor)
Médium: E-kniha
Jazyk:Czech
Vydáno: Brno : Edika, 2020
Vydání:2. vydání
Témata:
Tagy:
Žádné tagy
LEADER 02133nam a2200553 i 4500
001 311237
003 CZ PrSKC
005 20260601215702.0
007 ta
008 201008s2020 xr a c p 000 0 cze
015 |a cnb003257511 
020 |a 9788026615675  |q (brožováno) :  |c Kč 169,00 
035 |a (OCoLC)1226360380 
040 |a OLA001  |b cze  |d ABA001  |e rda 
072 7 |a 811.162.3  |x Čeština  |2 Konspekt 
072 7 |a 37.016  |x Učební osnovy. Vyučovací předměty. Učebnice  |2 Konspekt 
080 |a 811.162.3  |2 MRF 
080 |a 81'35  |2 MRF 
080 |a 81'36  |2 MRF 
080 |a 373.3.016  |2 MRF 
080 |a (076.3)  |2 MRF 
080 |a (079.1)  |2 MRF 
100 1 |a Gazdíková, Vlasta  |7 mzk2013746233  |4 aut 
245 1 0 |a Diktáty a testy pro 6. třídu /  |c Vlasta Gazdíková 
250 |a 2. vydání 
264 1 |a Brno :  |b Edika,  |c 2020 
300 |a 65 stran :  |b ilustrace ;  |c 30 cm +  |e 10 pracovních listů (29 cm) 
336 |a text  |b txt  |2 rdacontent 
337 |a bez média  |b n  |2 rdamedia 
338 |a svazek  |b nc  |2 rdacarrier 
500 |a Obálkový podnázev: procvičení učiva z českého jazyka 
650 0 7 |a čeština  |7 ph135292  |2 czenas 
650 0 7 |a pravopis  |7 ph124564  |2 czenas 
650 0 7 |a mluvnice  |7 ph115331  |2 czenas 
650 0 7 |a učivo základních škol  |7 ph136701  |2 czenas 
650 0 9 |a Czech language  |2 eczenas 
650 0 9 |a orthography and spelling  |2 eczenas 
650 0 9 |a grammar  |2 eczenas 
650 0 9 |a elementary school curriculum  |2 eczenas 
655 7 |a diktáty a cvičení  |7 fd186920  |2 czenas 
655 7 |a testy  |7 fd133697  |2 czenas 
655 9 |a language exercises and dictations  |2 eczenas 
655 9 |a tests  |2 eczenas 
900 |a ABA001  |b 19 
928 9 |a Albatros Media - Edika 
044 |a xr 
910 |a RBIT002 
998 |d 208988  |a https://core.palmknihy.cz/api/books/208988/cover?si8rh5  |b https://core.palmknihy.cz/api/books/208988/cover/400?si8rh5  |c https://core.palmknihy.cz/api/books/208988/cover/50?si8rh5  |e 2050-12-31  |g 88  |i 9788026615675  |k https://core.palmknihy.cz/api/books/208988/preview.pdf  |l   |q 49  |r 1  |s https://www.palmknihy.cz/kniha/208988  |t ebook  |y 2020  |z 0 
999 |d 311235